000 00351nam a2200133 i 4500
001 bg
100 1 _aSZELIGA, Karol
245 0 _aPodstawy metodyki wspomaganego komputerem projektowania w scalaniu gruntów /
_cK.Szeliga.
260 _aWarszwa,
_c1988.
040 _cBPK
041 _apol
942 _cKS
008 s pl f |000 0 pol
999 _c28819
_d28819
856 _uhttp://koha.tu.koszalin.pl/cgi-bin/koha/opac-detail.pl?biblionumber=28819
_yKatalog online BPK